| 000 | 00915cab a2200277 4500 | ||
|---|---|---|---|
| 001 | ABS60694 | ||
| 008 | 090401t1999 xxu||||| |||| 00| 0 eng d | ||
| 035 | _a(Sirsi) u93534 | ||
| 041 | _aeng | ||
| 100 | _aBerry, B. | ||
| 245 | _aCAP reform - a flawed result | ||
| 260 | _c1999 | ||
| 350 | _a0 | ||
| 490 |
_aRural Practice Bulletin _vMarch/April 1999, 27-28(2) |
||
| 520 | _aArgues that the compromise reached on CAP reform is damaging for European farmers in that the policy fails to protect farmers' incomes and is vulnerable to attack in the WTO. Calls for the CAP policy to be widened to create an integrated European rural policy. | ||
| 650 | _aAGENDA 2000 | ||
| 650 | _aCAP REFORM | ||
| 650 | _aEUROPEAN RURAL POLICY | ||
| 650 | _aEUROPEAN UNION | ||
| 650 | _aFARM SUBSIDIES | ||
| 650 | _aFARM INCOMES | ||
| 650 | _aWTO | ||
| 690 | _aRURAL PRACTICE | ||
| 942 | _n0 | ||
| 948 | _c24/05/1999 | ||
| 999 |
_c59272 _d59272 |
||